=LDR 00000nam 2200000 4500 =001 NUTBA000000000005150 =005 20141022113723.0 =006 =007 =008 =020 ##$$a 979-17090-3-3 =035 ##$$a 0010-101400000000380 =040 ##$$a NBPDMAT =082 ##$$a 613 =090 ##$$a 613 $b Shi r =100 ##$$a Shinta Dewi =245 ##$$a Resep panjang umur ala cina / $c Shinta Dewi ; penyunting, Chrisna Farmadiani =260 ##$$a Yogyakarta : $b Cosmic Books, $c 2009 =300 ##$$a 135 hlm. ; $c 18 cm. =650 ##$$a Kesehatan,. Pemeliharaan =700 ##$$a Chrisna Farmadiani =850 ##$$a NBPDMAT